[Event "Detroit (WCO/5/10)"]
[Site "?"]
[Date "1994.??.??"]
[Round "?"]
[White "DeVoll, J."]
[Black "McFolley, John"]
[Result "0-1"]
[WhiteElo "1605"]
[BlackElo "1605"]
[PlyCount "114"]
[EventDate "1994.??.??"]

{5/(10)} 1. d4 Nf6 2. Nf3 e6 3. e3 d5 4. Bd3 Nbd7 5. Nbd2 c5 6. c3 Bd6 7. O-O
Qc7 8. e4 dxe4 9. Nxe4 Nxe4 10. Bxe4 Nf6 11. Bc2 h6 12. Re1 O-O 13. Be3 b6 14.
Ne5 Bb7 15. Bf4 Bxe5 16. Bxe5 Qc6 17. f3 Ng4 18. Be4 Qd7 19. fxg4 Rfd8 20. Bxb7
Qxb7 21. Qd2 cxd4 22. Bxd4 Qd5 23. Red1 Qe4 24. Qe1 Qxg4 25. Rd3 Qf5 26. Rg3 g6
27. Qe3 Rd5 28. Qxh6 e5 29. Rf1 Qc8 30. Rh3 Qxh3 31. gxh3 exd4 32. Rf4 Rh5 33.
Qxh5 gxh5 34. Rxd4 Kg7 35. Kg2 Re8 36. Rd2 Re7 37. c4 Kf6 38. Kg3 Re4 39. b3
Ke6 40. Rd8 Kf6 41. Rd7 a5 42. Rd6+ Re6 43. Rxe6+ fxe6 44. Kh4 Kf5 45. Kg3 Ke4
46. Kh4 Kf3 47. Kxh5 e5 48. a3 e4 49. b4 axb4 50. axb4 e3 51. c5 bxc5 52. bxc5
e2 53. c6 e1=Q 54. c7 Qe5+ 55. Kh6 Qxc7 56. h4 Kf4 57. h5 Kf5 0-1

[Event "Detroit (WCO/4/16)"]
[Site "?"]
[Date "1994.??.??"]
[Round "?"]
[White "DeVoll, J."]
[Black "Heim, E."]
[Result "1-0"]
[WhiteElo "1605"]
[BlackElo "1605"]
[PlyCount "39"]
[EventDate "1994.??.??"]

{4/(16)} 1. d4 Nf6 2. Nf3 e6 3. e3 Nc6 4. Bd3 Be7 5. Nbd2 b6 6. e4 Bb7 7. c3
Bd6 8. e5 Nh5 9. exd6 cxd6 10. Ne4 Qe7 11. O-O e5 12. Re1 O-O 13. Nxe5 Qh4 14.
Nxd6 Nxd4 15. cxd4 Bxg2 16. Kxg2 Nf4+ 17. Bxf4 Qxf4 18. Rc1 Qxd4 19. Bxh7+ Kh8
20. Qxd4 1-0

[Event "Grand Rapids (MI Am/1/9)"]
[Site "?"]
[Date "1994.??.??"]
[Round "?"]
[White "DeRyke, S."]
[Black "Khraizat, Ali"]
[Result "1-0"]
[WhiteElo "1870"]
[BlackElo "1605"]
[PlyCount "71"]
[EventDate "1994.??.??"]

{1/(9)} 1. e4 e6 2. d4 d5 3. Nd2 Nc6 4. Bb5 Bd7 5. Ngf3 Nge7 6. O-O dxe4 7.
Nxe4 Nd5 8. c4 Nf6 9. Bg5 Be7 10. Re1 Nxe4 11. Bxe7 Nxf2 12. Bxd8 Nxd1 13. Bxc7
Nxb2 14. Rab1 Nd3 15. Re3 Ncb4 16. Bd6 Bxb5 17. cxb5 Nf4 18. Bxb4 Rc8 19. g3
Nd5 20. Re2 Rc4 21. a3 Kd8 22. Ne5 Rc7 23. Rbb2 f6 24. Nf3 Kd7 25. Nd2 Rhc8 26.
Ne4 Rc1+ 27. Kf2 Rd1 28. Nc5+ Ke8 29. Rxe6+ Kf7 30. Rbe2 b6 31. Nb7 Rcc1 32.
Nd8+ Kg6 33. Nc6 Nc7 34. R6e4 Nd5 35. Re1 Rc2+ 36. R4e2 1-0

[Event "Grand Rapids (MI Am/3/15)"]
[Site "?"]
[Date "1994.??.??"]
[Round "?"]
[White "DeRyke, S."]
[Black "Guenther, B."]
[Result "1-0"]
[WhiteElo "1870"]
[BlackElo "1605"]
[PlyCount "99"]
[EventDate "1994.??.??"]

{3/(15)} 1. e4 e5 2. Nf3 Nf6 3. Nxe5 d6 4. Nf3 Nxe4 5. d4 Be7 6. Bd3 Nf6 7. c4
O-O 8. Nc3 c6 9. Qc2 Bg4 10. Be3 d5 11. c5 b6 12. Ne5 Bh5 13. f3 bxc5 14. g4
Bg6 15. Nxg6 fxg6 16. h4 cxd4 17. Bxd4 c5 18. Bf2 d4 19. Ne4 Qa5+ 20. Kf1 Nbd7
21. h5 Ne5 22. hxg6 Nxf3 23. Nxf6+ Rxf6 24. Bc4+ Kf8 25. gxh7 Ke8 26. h8=Q+ Rf8
27. Qh5+ Kd8 28. Qd5+ Kc7 29. Bg3+ Ne5+ 30. Kg2 Rad8 31. Bxe5+ Bd6 32. Bxd6+
Rxd6 33. Qe5 Rfd8 34. Rh7 R8d7 35. Rxg7 Qb6 36. Rxd7+ Kxd7 37. Qh7+ Kc8 38.
Qg8+ Kb7 39. Qe7+ Qc7 40. Qxc7+ Kxc7 41. Qa8 Kb6 42. Qb8+ Kc6 43. Bb5+ Kd5 44.
Qb7+ Ke5 45. Re1+ Kf4 46. Qe4+ Kg5 47. Qf5+ Kh6 48. Rh1+ Kg7 49. Rh7+ Kg8 50.
Qf7# 1-0

[Event "Grand Rapids (MI Am/5/5)"]
[Site "?"]
[Date "1994.??.??"]
[Round "?"]
[White "DeRyke, S."]
[Black "Drysdale, Gilbert"]
[Result "1-0"]
[WhiteElo "1870"]
[BlackElo "1740"]
[PlyCount "79"]
[EventDate "1994.??.??"]

{5/(5)} 1. e4 d5 2. exd5 Nf6 3. Nc3 Nxd5 4. Bc4 Nb6 5. Bb3 Nc6 6. Nf3 Bf5 7. d4
Na5 8. O-O Nxb3 9. axb3 e6 10. Bf4 Be7 11. Nb5 Nd5 12. Bg3 c6 13. Nc3 Nb4 14.
Ne1 O-O 15. Ne2 h5 16. h3 g5 17. c3 Nd5 18. Bh2 h4 19. Nc2 g4 20. Ne3 g3 21.
Bxg3 Nxe3 22. fxe3 hxg3 23. Nxg3 Bg6 24. b4 Bd6 25. Qg4 Bxg3 26. Qxg3 Qe7 27.
Ra5 Kg7 28. h4 Kh7 29. Rg5 Rg8 30. Qe5 f5 31. Rf4 Raf8 32. b5 cxb5 33. Qxb5 Be8
34. Qb3 Rxg5 35. hxg5 Qxg5 36. Qxe6 Bc6 37. d5 Ba4 38. Qe5 Bc2 39. Rf3 Rf6 40.
Rg3 1-0

[Event "Flint (MI YJ Spon/3)"]
[Site "?"]
[Date "1994.??.??"]
[Round "?"]
[White "Dawson, R."]
[Black "Timberlake, B."]
[Result "1-0"]
[WhiteElo "1605"]
[BlackElo "1605"]
[PlyCount "43"]
[EventDate "1994.??.??"]

1. d4 e6 2. e4 c6 3. Nf3 g6 4. Be2 d6 5. O-O Nd7 6. Bf4 Ngf6 7. Nc3 d5 8. e5
Ne4 9. Qd3 f6 10. Nxe4 dxe4 11. Qxe4 g5 12. Bg3 Bg7 13. h3 Qe7 14. Bc4 Qf7 15.
exf6 Nxf6 16. Qe3 Bd7 17. Nxg5 Qh5 18. Nxe6 Bh6 19. Nc7+ Kf8 20. Bd6+ Kg7 21.
Qe7+ Qf7 22. Qxf7# 1-0

[Event "Flint (MI YJ Spon/4)"]
[Site "?"]
[Date "1994.??.??"]
[Round "?"]
[White "Dawson, R."]
[Black "Libby, Dan"]
[Result "0-1"]
[WhiteElo "1605"]
[BlackElo "1700"]
[PlyCount "52"]
[EventDate "1994.??.??"]

1. c4 Nf6 2. Nc3 g6 3. e4 d6 4. Be2 Bg7 5. d3 c5 6. Nf3 Nc6 7. Nd5 O-O 8. O-O
Bg4 9. Ne3 Bxf3 10. Bxf3 Qc7 11. Ng4 Nd4 12. Nh6+ Kh8 13. Bg4 Ng8 14. Nxg8 Kxg8
15. Bh3 a6 16. Qg4 b5 17. Be3 bxc4 18. dxc4 Nc2 19. Rab1 Nxe3 20. fxe3 Rab8 21.
b3 a5 22. Qe2 Qc6 23. Rf3 Qxe4 24. Rbf1 a4 25. Qf2 Bh6 26. Rxf7 Bxe3 0-1

[Event "Flint (MI YJ Spon/1)"]
[Site "?"]
[Date "1994.??.??"]
[Round "?"]
[White "Dawson, R."]
[Black "Ceterski, Tom"]
[Result "0-1"]
[WhiteElo "1605"]
[BlackElo "1665"]
[PlyCount "44"]
[EventDate "1994.??.??"]

1. e4 c5 2. d4 cxd4 3. Qxd4 Nc6 4. Qc3 e6 5. Nf3 Bb4 6. Bd2 Bxc3 7. Bxc3 Nf6 8.
Bd3 O-O 9. O-O d5 10. exd5 exd5 11. Ng5 g6 12. Bd2 Ne5 13. Be2 Bf5 14. c3 Nc4
15. Bc1 Qc7 16. Nd2 Nxd2 17. Bxd2 Ne4 18. Nxe4 dxe4 19. Be3 Rad8 20. Bxa7 b6
21. Bxb6 Qxb6 22. Kh1 Rd2 0-1

[Event "Detroit (MOR/7/31)"]
[Site "?"]
[Date "1994.??.??"]
[Round "?"]
[White "Davis, Ralph"]
[Black "Leaman, P."]
[Result "1-0"]
[WhiteElo "1605"]
[BlackElo "1605"]
[PlyCount "79"]
[EventDate "1994.??.??"]

{7/(31)} 1. d4 d5 2. Nf3 Nc6 3. c3 g6 4. Bg5 Bg7 5. e3 Nf6 6. Bd3 O-O 7. Nbd2
Bg4 8. Qb3 Rb8 9. O-O a6 10. h3 Be6 11. a4 Ne4 12. Nxe4 dxe4 13. Qd1 exd3 14.
Qxd3 Re8 15. Rfd1 Na7 16. b4 c6 17. c4 Nc8 18. b5 cxb5 19. axb5 axb5 20. c5 Bc4
21. Qc2 Qc7 22. Bf4 e5 23. dxe5 Bxe5 24. Nxe5 Rxe5 25. Bxe5 Qxe5 26. Rd8+ Kg7
27. Rad1 Ne7 28. R8d7 Qxc5 29. Qc3+ Kh6 30. e4 Ng8 31. Rxf7 Qg5 32. Qg7+ Kh5
33. g4+ Kh4 34. Qxh7+ Qh6 35. Rxb7 Qxh7 36. Rxh7+ Kg5 37. Kg2 b4 38. Kg3 b3 39.
Rd6 Rf8 40. h4# 1-0

[Event "Detroit (MOR/3/25)"]
[Site "?"]
[Date "1994.??.??"]
[Round "?"]
[White "Davis, Ralph"]
[Black "Gregory, Kevin"]
[Result "0-1"]
[WhiteElo "1605"]
[BlackElo "1745"]
[PlyCount "104"]
[EventDate "1994.??.??"]

{3/(25)} 1. d4 d5 2. Nf3 e6 3. c3 Nd7 4. e3 f5 5. Bd3 Bd6 6. b3 Qe7 7. a4 Ngf6
8. O-O Ne4 9. Ba3 Bxa3 10. Nxa3 c6 11. c4 O-O 12. Nb1 Ndf6 13. Nfd2 Bd7 14. f3
Ng5 15. f4 Nge4 16. Nf3 Ng4 17. Qe1 Be8 18. h3 Ngf6 19. c5 Bh5 20. Be2 Bxf3 21.
Bxf3 Kh8 22. Nc3 g5 23. Nxe4 fxe4 24. Bd1 Nd7 25. a5 a6 26. Ra2 gxf4 27. Rxf4
Rxf4 28. exf4 Qf6 29. Rf2 Qxd4 30. b4 Rf8 31. Kh1 Ne5 32. Rd2 Nd3 33. Qh4 Qf6
34. Qxf6+ Rxf6 35. g3 Nxb4 36. Bg4 Nd3 37. Ra2 Nxc5 38. Rc2 Nd3 39. Be2 c5 40.
Bxd3 exd3 41. Rb2 Rf7 42. Kg2 c4 43. Kf1 Kg7 44. Ke1 Kf6 45. g4 Kg6 46. Rb6 Re7
47. f5+ Kf7 48. Kd2 exf5 49. gxf5 Rc7 50. Kc3 d4+ 51. Kxd4 c3 52. Kxd3 c2 0-1

[Event "Detroit (MOR/1b/29)"]
[Site "?"]
[Date "1994.??.??"]
[Round "?"]
[White "Davis, Ralph"]
[Black "Abdul-Mujeer, N."]
[Result "1-0"]
[WhiteElo "1605"]
[BlackElo "1605"]
[PlyCount "129"]
[EventDate "1994.??.??"]

1. d4 e6 2. Nf3 Nf6 3. e3 d5 4. Bd3 Bb4+ 5. c3 Bd6 6. O-O Nbd7 7. Nbd2 b6 8. e4
dxe4 9. Nxe4 Bb7 10. Bg5 h6 11. Bh4 Qe7 12. Re1 O-O-O 13. b4 g5 14. Nxd6+ Qxd6
15. Bg3 Qe7 16. Qa4 Kb8 17. Qd1 Nd5 18. Qc2 h5 19. h3 Nf4 20. Be4 g4 21. Bxf4
Bxe4 22. Qxe4 Nf6 23. Qd3 gxf3 24. Qxf3 Nd5 25. a4 Qh4 26. Re4 Nxf4 27. Rxf4
Qg5 28. Rxf7 Qd5 29. Qf4 Rd6 30. Rf8+ Rxf8 31. Qxf8+ Kb7 32. a5 Rd8 33. Qf3
Qxf3 34. gxf3 b5 35. Re1 Rg8+ 36. Kf1 Rg6 37. Re5 h4 38. Rxb5+ Kc6 39. Rh5 a6
40. Rxh4 Kd5 41. Rg4 Rf6 42. Ke2 Kc4 43. Rg7 Kxc3 44. Rxc7+ Kxb4 45. Rc6 Kxa5
46. d5 Kb5 47. Rxe6 Rf8 48. Ke3 a5 49. d6 a4 50. d7 Rd8 51. Re4 a3 52. Re8 Rxd7
53. Ra8 Kb4 54. Rb8+ Kc3 55. Rc8+ Kb2 56. Rb8+ Ka1 57. f4 a2 58. f5 Rd1 59. f6
Rd7 60. Ke4 Rd2 61. f7 Rxf2 62. f8=Q Rxf8 63. Rxf8 Kb2 64. Rf1 a1=Q 65. Rxa1
1-0

[Event "Detroit (MI Op/2/43)"]
[Site "?"]
[Date "1994.??.??"]
[Round "?"]
[White "Davis, Michael"]
[Black "Hendricks, Marcus"]
[Result "0-1"]
[WhiteElo "1710"]
[BlackElo "1900"]
[PlyCount "96"]
[EventDate "1994.??.??"]

{2/(43)} 1. e4 c5 2. Nc3 e6 3. f4 Nc6 4. Nf3 d6 5. Bb5 Bd7 6. d3 a6 7. Ba4 b5
8. Bb3 Nf6 9. a4 b4 10. Ne2 Qb6 11. Be3 Ng4 12. Qd2 Nxe3 13. Qxe3 Be7 14. O-O
Bf6 15. e5 Be7 16. Kh1 O-O 17. Ng3 Na5 18. exd6 Bxd6 19. Ne4 Nxb3 20. cxb3 Rfd8
21. Ne5 Qc7 22. Qg3 Be7 23. Rf2 f6 24. Ng4 Kh8 25. Ne3 Bc6 26. Nc4 Rd4 27. Raf1
Bxe4 28. dxe4 Rxe4 29. Qf3 Qc6 30. Nd2 f5 31. Nxe4 fxe4 32. Qe3 Bf6 33. Re2 Qd5
34. Qxe4 Rd8 35. Qxe6 Qxe6 36. Rxe6 h6 37. Rfe1 Rd3 38. R6e3 Rd2 39. h3 Rxb2
40. Re6 Rxb3 41. Rxa6 c4 42. Rc6 c3 43. a5 Ra3 44. a6 b3 45. f5 b2 46. Rc8+ Kh7
47. Ree8 b1=Q+ 48. Kh2 Qxf5 0-1

[Event "Detroit (MI Op/5/37)"]
[Site "?"]
[Date "1994.??.??"]
[Round "?"]
[White "Davis, Michael"]
[Black "Calton, David A"]
[Result "0-1"]
[WhiteElo "1710"]
[BlackElo "1845"]
[PlyCount "116"]
[EventDate "1994.??.??"]

{5/(37)} 1. e4 g6 2. d4 d6 3. c3 Bg7 4. Nf3 Nc6 5. Be2 e5 6. d5 Nce7 7. c4 f5
8. Nc3 Nf6 9. Bg5 Nxe4 10. Nxe4 fxe4 11. Nd2 h6 12. Bxe7 Qxe7 13. Nxe4 O-O 14.
O-O Bf5 15. Bd3 b6 16. Qc2 Kh7 17. Ng3 Qf7 18. f3 h5 19. Rab1 a5 20. Ne4 Bh6
21. Rbe1 h4 22. f4 exf4 23. Nf2 Kg8 24. Bxf5 Qxf5 25. Qxf5 Rxf5 26. Re6 Kg7 27.
Re7+ Rf7 28. Rxf7+ Kxf7 29. Ng4 Bg7 30. Rxf4+ Ke7 31. b3 a4 32. Re4+ Kd7 33.
Re6 axb3 34. axb3 Bd4+ 35. Kf1 Ra3 36. Rxg6 Rxb3 37. Nf6+ Ke7 38. Ne4 Rb4 39.
Re6+ Kd7 40. Rh6 Rxc4 41. Rxh4 Rc2 42. Nxd6 Rf2+ 43. Ke1 Kxd6 44. Rxd4 Rxg2 45.
h4 Rh2 46. Kf1 Kc5 47. Kg1 Kxd4 48. Kxh2 Kxd5 49. h5 Ke6 50. h6 Kf7 51. h7 Kg7
52. h8=Q+ Kxh8 53. Kg3 c5 54. Kf3 Kg7 55. Ke4 Kf6 56. Kd5 Kf5 57. Kc4 Ke5 58.
Kd3 Kd5 0-1

[Event "Detroit (MOR/6/56)"]
[Site "?"]
[Date "1994.??.??"]
[Round "?"]
[White "Daniels, F."]
[Black "Rucker, Ed"]
[Result "0-1"]
[WhiteElo "1605"]
[BlackElo "1605"]
[PlyCount "50"]
[EventDate "1994.??.??"]

{6/(56)} 1. d4 d5 2. c4 Nf6 3. Nc3 e6 4. c5 Be7 5. Bf4 O-O 6. e3 Nc6 7. Nh3 a6
8. Bd3 b6 9. cxb6 cxb6 10. Qc2 Nb4 11. Qe2 Nxd3+ 12. Qxd3 Bb4 13. Ng5 Bd7 14.
a3 Bb5 15. Qc2 Bd6 16. O-O-O Rc8 17. g3 Qd7 18. Kb1 Rc7 19. Qd2 Rfc8 20. h4 h6
21. e4 Bxf4 22. gxf4 hxg5 23. hxg5 Nxe4 24. Nxe4 dxe4 25. d5 Bd3+ 0-1

[Event "Detroit (MOR/4/63)"]
[Site "?"]
[Date "1994.??.??"]
[Round "?"]
[White "Daniels, F."]
[Black "Prince, S."]
[Result "1-0"]
[WhiteElo "1605"]
[BlackElo "1605"]
[PlyCount "67"]
[EventDate "1994.??.??"]

{4/(63)} 1. d4 Nf6 2. c4 e6 3. Bg5 Nc6 4. Nc3 Bb4 5. a3 Bxc3+ 6. bxc3 d5 7. c5
Bd7 8. Nh3 e5 9. e3 e4 10. Nf4 h6 11. Bxf6 Qxf6 12. Nxd5 Qd8 13. a4 Be6 14. Nf4
Bd7 15. a5 O-O 16. Bc4 Rb8 17. O-O Qg5 18. f3 exf3 19. Qxf3 Ne7 20. e4 b5 21.
axb6 axb6 22. Ra7 Rbc8 23. d5 Rfd8 24. c6 Bxc6 25. dxc6 Nxc6 26. Ne6 Qe7 27.
Nxd8 Nxa7 28. Qxf7+ Qxf7 29. Nxf7 Kh7 30. e5 b5 31. Be6 Re8 32. Bf5+ g6 33. Bd7
Re7 34. e6 1-0

[Event "Detroit (MOR/1a/31)"]
[Site "?"]
[Date "1994.??.??"]
[Round "?"]
[White "Daniels, F."]
[Black "Koernke, R."]
[Result "0-1"]
[WhiteElo "1605"]
[BlackElo "1605"]
[PlyCount "66"]
[EventDate "1994.??.??"]

1. d4 d5 2. c4 c6 3. Nc3 Nf6 4. Nf3 dxc4 5. e4 b5 6. g3 e6 7. Bg2 Bb4 8. Bg5
Qa5 9. O-O Bxc3 10. bxc3 Nxe4 11. Bd2 Nxd2 12. Qxd2 Qc7 13. Rfe1 O-O 14. a4 Bb7
15. Ne5 Nd7 16. Bxc6 Bxc6 17. Nxc6 Qxc6 18. h4 bxa4 19. h5 h6 20. g4 Qf3 21.
Qe2 Qxe2 22. Rxe2 Nb6 23. f4 Rfd8 24. g5 hxg5 25. fxg5 Rd5 26. Re5 Rxe5 27.
dxe5 Rd8 28. Kf2 Rd3 29. Ra3 Rd5 30. Kf3 Rxe5 31. Kf4 f6 32. g6 Rxh5 33. Kg4
Rg5+ 0-1

[Event "Eastpointe (EDO/3/1)"]
[Site "?"]
[Date "1994.??.??"]
[Round "?"]
[White "Dangremond, Leonard"]
[Black "Tsemekhman, Vadim"]
[Result "0-1"]
[WhiteElo "2070"]
[BlackElo "2460"]
[PlyCount "62"]
[EventDate "1994.??.??"]

{3/(1)} 1. e4 e6 2. d4 d5 3. Nd2 Nf6 4. e5 Nfd7 5. f4 c5 6. c3 Nc6 7. Ngf3 Qb6
8. Qa4 cxd4 9. cxd4 Qb4 10. Qxb4 Nxb4 11. Kd1 a5 12. Bb5 a4 13. Nb1 Nc6 14. Nc3
Nb6 15. Bd2 Bd7 16. Ke2 Bb4 17. b3 Bxc3 18. Bxc3 Nxe5 19. Bxd7+ Nexd7 20. Bb4
f6 21. Rac1 Kf7 22. Bc5 Rhc8 23. Bxb6 Nxb6 24. Kd2 Ke7 25. Rxc8 Nxc8 26. Kc3
Kd6 27. bxa4 Rxa4 28. Kb3 b5 29. Rc1 Nb6 30. Rc5 Nc4 31. Rxb5 Ra3+ 0-1

[Event "Detroit (MCO/Ch/3/11)"]
[Site "?"]
[Date "1994.??.??"]
[Round "?"]
[White "Dangremond, Leonard"]
[Black "Rajlich, Vasik"]
[Result "0-1"]
[WhiteElo "2060"]
[BlackElo "2120"]
[PlyCount "56"]
[EventDate "1994.??.??"]

{3/(11)} 1. e4 c5 2. Nf3 d6 3. d4 cxd4 4. Nxd4 Nf6 5. Nc3 a6 6. Bc4 e6 7. Bb3
Nbd7 8. Be3 Nc5 9. f3 Nxb3 10. axb3 d5 11. exd5 Nxd5 12. Nxd5 Qxd5 13. O-O Bd6
14. Qd2 Bc7 15. Qb4 Qe5 16. Rfe1 Qxh2+ 17. Kf1 Bd6 18. Qd2 O-O 19. Ra5 Bg3 20.
Re2 e5 21. Nb5 b6 22. Bxb6 Bb7 23. Nd6 Rad8 24. Bg1 Qh1 25. Ra1 e4 26. Qb4 exf3
27. Nxb7 fxe2+ 28. Kxe2 Qxg2+ 0-1

[Event "Eastpointe (US Am N/2/4)"]
[Site "?"]
[Date "1994.??.??"]
[Round "?"]
[White "Dangremond, Leonard"]
[Black "McGrath, Michael"]
[Result "1/2-1/2"]
[WhiteElo "2070"]
[BlackElo "1735"]
[PlyCount "72"]
[EventDate "1994.??.??"]

{2/(4)} 1. f4 g6 2. Nf3 Nf6 3. g3 Bg7 4. Bg2 O-O 5. O-O d5 6. d3 c6 7. Qe1 Nbd7
8. e4 dxe4 9. dxe4 e5 10. Nc3 exf4 11. gxf4 Nh5 12. Be3 Ndf6 13. Ng5 Ng4 14.
Rd1 Qa5 15. Bc1 Bxc3 16. Qxc3 Qxc3 17. bxc3 h6 18. Nf3 Be6 19. Rd6 Rad8 20.
Rfd1 Rxd6 21. Rxd6 Bxa2 22. e5 Ng7 23. h3 Nf5 24. hxg4 Nxd6 25. exd6 Rd8 26.
Ba3 b6 27. Ne5 c5 28. d7 f6 29. Nxg6 Rxd7 30. Kf1 Bf7 31. Be4 Bxg6 32. Bxg6
Rd1+ 33. Ke2 Ra1 34. Bb2 Rb1 35. Ba3 Kg7 36. Bf5 Ra1 1/2-1/2

[Event "Eastpointe (EDO/1a/3)"]
[Site "?"]
[Date "1994.??.??"]
[Round "?"]
[White "Dangremond, Leonard"]
[Black "McCarter, Robert"]
[Result "1-0"]
[WhiteElo "2070"]
[BlackElo "1700"]
[PlyCount "81"]
[EventDate "1994.??.??"]

1. e4 c5 2. Nf3 d6 3. d4 cxd4 4. Nxd4 Nf6 5. Nc3 a6 6. Bc4 e6 7. Bb3 b5 8. O-O
Be7 9. Be3 O-O 10. f3 Bb7 11. Bxe6 b4 12. Bd5 bxc3 13. Bxb7 Ra7 14. Nc6 Nxc6
15. Bxc6 cxb2 16. Rb1 Rc7 17. Bb6 Qb8 18. Bxc7 Qxc7 19. Ba4 Qa5 20. Bb3 Qa3 21.
Qd4 Nd7 22. Qxb2 Qc5+ 23. Kh1 Bf6 24. Qc1 Bc3 25. Qd1 Nb6 26. Qd3 a5 27. a4 g6
28. Rfd1 Rd8 29. Qa6 Kg7 30. Bxf7 Nxa4 31. Qb7 Nb2 32. Rxb2 Bxb2 33. Bd5+ Kh6
34. Qxb2 Rc8 35. Ra1 Qf2 36. Qc1+ g5 37. Qa3 Rxc2 38. Qxd6+ Kg7 39. Qe7+ Kh6
40. Qf6+ Kh5 41. Bf7+ 1-0

[Event "Detroit (MCO/Ch/2a/8)"]
[Site "?"]
[Date "1994.??.??"]
[Round "?"]
[White "Dangremond, Leonard"]
[Black "Kitsis, S."]
[Result "0-1"]
[WhiteElo "2060"]
[BlackElo "2205"]
[PlyCount "106"]
[EventDate "1994.??.??"]

1. e4 d6 2. d4 g6 3. Bc4 Bg7 4. Be3 Nf6 5. Nd2 O-O 6. Ne2 c6 7. O-O Qc7 8. f3
e5 9. dxe5 dxe5 10. Qe1 b6 11. g4 Ba6 12. Ng3 Qe7 13. Bxa6 Nxa6 14. c3 Nc5 15.
Bxc5 Qxc5+ 16. Qf2 Nd7 17. Rad1 Rfd8 18. Nb3 Qxf2+ 19. Kxf2 Nf8 20. Ne2 Ne6 21.
h4 f6 22. h5 b5 23. hxg6 hxg6 24. Na5 Bf8 25. Nxc6 Rdc8 26. Nb4 Bxb4 27. cxb4
Rc2 28. Ke3 Rxb2 29. Rd6 Kf7 30. Rh1 Nf8 31. Nc3 Rc8 32. Nd5 Rxa2 33. Rxf6+ Kg7
34. f4 exf4+ 35. Rxf4 Ne6 36. Rf6 Ra3+ 37. Kd2 Ng5 38. Rxg6+ Kxg6 39. Ne7+ Kf6
40. Nxc8 Nxe4+ 41. Kc2 Rc3+ 42. Kb2 Rxc8 43. Rh6+ Kg7 44. Re6 Rc4 45. Re7+ Kf6
46. Rxa7 Rxb4+ 47. Ka3 Rb1 48. Rb7 Nc3 49. g5+ Kxg5 50. Rb8 Kf5 51. Rf8+ Ke4
52. Re8+ Kd3 53. Re3+ Kc4 0-1

[Event "Detroit (MEX/1/9)"]
[Site "?"]
[Date "1994.??.??"]
[Round "?"]
[White "Dangremond, Leonard"]
[Black "Jirjis, Faris"]
[Result "1/2-1/2"]
[WhiteElo "2030"]
[BlackElo "2155"]
[PlyCount "118"]
[EventDate "1994.??.??"]

{1/(9)} 1. e4 e5 2. Nf3 Nf6 3. Nc3 Bb4 4. Bc4 O-O 5. O-O c6 6. Nxe5 Bxc3 7.
dxc3 Nxe4 8. Re1 d5 9. Bb3 Qf6 10. f4 Nc5 11. Be3 Nba6 12. Qh5 Nxb3 13. cxb3 c5
14. Rad1 Rd8 15. g4 b6 16. Bf2 Re8 17. Rxd5 Be6 18. Rd6 Qxf4 19. Bg3 Qh6 20.
Qxh6 gxh6 21. Nd7 Kg7 22. h3 Rad8 23. Red1 Re7 24. Be5+ Kg6 25. Nf6 Rxd6 26.
Bxd6 Rb7 27. Be5 h5 28. Nxh5 f5 29. Nf4+ Kf7 30. Rd6 Re7 31. Nxe6 Rxe6 32. Rd7+
Ke8 33. Rxa7 Rxe5 34. Rxa6 fxg4 35. hxg4 Re1+ 36. Kf2 Rb1 37. Rxb6 Rxb2+ 38.
Ke3 Rxa2 39. Rb5 Rb2 40. Kd3 Kd7 41. Kc4 Rg2 42. Kxc5 Rg3 43. c4 Kc7 44. Kb4
Rxg4 45. Rh5 Rg7 46. Kb5 Kc8 47. c5 Rb7+ 48. Kc4 Rg7 49. b4 Rg4+ 50. Kb5 Rg7
51. c6 Kc7 52. Kc5 h6 53. Rxh6 Rg5+ 54. Kc4 Rg4+ 55. Kb5 Rg5+ 56. Ka4 Kb6 57.
b5 Rg4+ 58. Kb3 Kxb5 59. c7 Rb4+ 1/2-1/2

[Event "Eastpointe (US Am N/3/10)"]
[Site "?"]
[Date "1994.??.??"]
[Round "?"]
[White "Dangremond, Leonard"]
[Black "Hayes, P."]
[Result "1-0"]
[WhiteElo "2070"]
[BlackElo "1605"]
[PlyCount "49"]
[EventDate "1994.??.??"]

{3/(10)} 1. e4 e5 2. Nf3 Nc6 3. Bb5 Nge7 4. O-O g6 5. d3 Bg7 6. Nc3 O-O 7. Be3
d5 8. exd5 Nxd5 9. Bxc6 bxc6 10. Rb1 Nxc3 11. bxc3 Re8 12. Nd2 Be6 13. c4 a5
14. Ne4 f5 15. Nc5 f4 16. Nxe6 Rxe6 17. Bc5 g5 18. Qg4 Rh6 19. Rb7 Qf6 20. Rxc7
Bf8 21. Bxf8 Rxf8 22. Rb1 Rh4 23. Qd7 f3 24. g3 Rxh2 25. Kxh2 1-0

[Event "Detroit (MI Op/2/32)"]
[Site "?"]
[Date "1994.??.??"]
[Round "?"]
[White "Dangremond, Leonard"]
[Black "Haakonstad, Olaf"]
[Result "1/2-1/2"]
[WhiteElo "2030"]
[BlackElo "1820"]
[PlyCount "84"]
[EventDate "1994.??.??"]

{2/(32)} 1. e4 e5 2. Nf3 Nc6 3. Bb5 a6 4. Bxc6 dxc6 5. O-O Bg4 6. h3 h5 7. d3
Qf6 8. Nbd2 Ne7 9. Re1 Be6 10. Nb3 Bxb3 11. axb3 Ng6 12. Be3 Bd6 13. c3 Nf4 14.
g3 Nxh3+ 15. Kg2 g5 16. Kxh3 g4+ 17. Kg2 gxf3+ 18. Qxf3 Qxf3+ 19. Kxf3 O-O-O
20. Ke2 Rdf8 21. Rh1 f5 22. exf5 Rxf5 23. g4 Rf7 24. Rxh5 Rxh5 25. gxh5 Kd7 26.
Rh1 Ke6 27. h6 Rh7 28. Kf3 Kf5 29. Rh5+ Kg6 30. Kg4 Rf7 31. h7 Rxh7 32. Rxh7
Kxh7 33. Kf5 c5 34. Ke6 Kg6 35. f3 a5 36. Bf2 Kg5 37. Bg3 e4 38. Bxd6 exd3 39.
Bxc5 Kf4 40. Bf8 Kg5 41. Bc5 Kf4 42. Bf8 Kg5 1/2-1/2

[Event "Eastpointe (US Am N/5/11)"]
[Site "?"]
[Date "1994.??.??"]
[Round "?"]
[White "Dangremond, Leonard"]
[Black "Glinert, S."]
[Result "1/2-1/2"]
[WhiteElo "2070"]
[BlackElo "1605"]
[PlyCount "110"]
[EventDate "1994.??.??"]

{5/(11)} 1. e4 e6 2. d4 d5 3. Nd2 Nf6 4. e5 Nfd7 5. f4 c5 6. c3 Nc6 7. Ngf3 Qb6
8. Qb3 cxd4 9. Qxb6 Nxb6 10. Nxd4 Nxd4 11. cxd4 Bd7 12. Bd3 O-O-O 13. b3 f6 14.
Nf3 Be7 15. O-O h6 16. Bd2 f5 17. a4 Rhg8 18. a5 Na8 19. Rfc1+ Kb8 20. Rc2 g5
21. a6 b6 22. fxg5 hxg5 23. Rac1 g4 24. Ne1 Rdf8 25. g3 Rh8 26. Ng2 Rh7 27. Nf4
Rg8 28. Kg2 Bf8 29. Kg1 Be7 30. Be1 Rh6 31. Bxf5 exf5 32. Nxd5 Bg5 33. Bd2 Bxd2
34. Rxd2 Rc8 35. Rdc2 Rxc2 36. Rxc2 Rc6 37. Rxc6 Bxc6 38. Ne7 Bb5 39. Nxf5 Bxa6
40. Kf2 Kc7 41. Ke3 Kc6 42. Kf4 Be2 43. Ne3 Nc7 44. Nxg4 Ne6+ 45. Ke4 Bxg4 46.
d5+ Kd7 47. dxe6+ Bxe6 48. b4 a5 49. bxa5 bxa5 50. h4 a4 51. Kd4 a3 52. Kc3 a2
53. Kb2 Ke7 54. g4 Bd5 55. g5 Ke6 1/2-1/2

[Event "Detroit (MEX/2/5)"]
[Site "?"]
[Date "1994.??.??"]
[Round "?"]
[White "Dangremond, Leonard"]
[Black "Everett, Morgan"]
[Result "1-0"]
[WhiteElo "2030"]
[BlackElo "2200"]
[PlyCount "103"]
[EventDate "1994.??.??"]

{2/(5)} 1. e4 e5 2. Nf3 Nc6 3. Bb5 a6 4. Bxc6 dxc6 5. O-O Bg4 6. h3 Bh5 7. d3
Bd6 8. Be3 Ne7 9. Nbd2 O-O 10. c3 c5 11. Qb3 Nc6 12. Nc4 b5 13. Nxd6 cxd6 14.
g4 Bg6 15. Kh2 c4 16. dxc4 Na5 17. Qc2 Nxc4 18. Rad1 Nxe3 19. fxe3 Qb6 20. Rfe1
Qc6 21. Qd2 Rad8 22. Nxe5 Qxe4 23. Nxg6 Qxg6 24. Qd5 Rfe8 25. Rd2 h6 26. Qf5
Qxf5 27. gxf5 d5 28. Kg3 Kf8 29. Rd4 Re5 30. Kf4 Re4+ 31. Rxe4 dxe4 32. Re2 Rd1
33. Rh2 Ke7 34. Kxe4 Kf6 35. h4 h5 36. b3 Rg1 37. c4 Rg4+ 38. Kd5 bxc4 39. bxc4
Kxf5 40. c5 Rg1 41. Rf2+ Kg4 42. Rf4+ Kg3 43. c6 Rd1+ 44. Rd4 Rc1 45. Kd6 f6
46. c7 g5 47. hxg5 fxg5 48. Rd5 Rxc7 49. Kxc7 Kg4 50. e4 h4 51. e5 Kf5 52. Kd6
1-0

[Event "Eastpointe (US Am N/1a/4)"]
[Site "?"]
[Date "1994.??.??"]
[Round "?"]
[White "Dangremond, Leonard"]
[Black "Carvell, John"]
[Result "1-0"]
[WhiteElo "2070"]
[BlackElo "1605"]
[PlyCount "61"]
[EventDate "1994.??.??"]

1. e4 e5 2. Nf3 Nc6 3. Bb5 a6 4. Bxc6 dxc6 5. O-O Bg4 6. h3 h5 7. d3 Qf6 8.
Nbd2 Bd6 9. Re1 Ne7 10. hxg4 hxg4 11. Nh2 g3 12. fxg3 Bc5+ 13. Kh1 Qh6 14. Ndf3
g5 15. Bxg5 Qh5 16. Be3 Bxe3 17. Rxe3 f5 18. Nh4 Qh6 19. Qf3 f4 20. Ree1 O-O-O
21. Ng4 Qh5 22. Nxe5 Qxe5 23. Qg4+ Kb8 24. gxf4 Rdg8 25. Qxg8+ Nxg8 26. fxe5
Rxh4+ 27. Kg1 c5 28. Rf1 Ne7 29. Rf8+ Ka7 30. Rf7 Nc6 31. Rxc7 1-0

[Event "Detroit (Beg/5/13)"]
[Site "?"]
[Date "1994.??.??"]
[Round "?"]
[White "Dangremond, J."]
[Black "Sloan, L."]
[Result "1/2-1/2"]
[WhiteElo "1605"]
[BlackElo "1605"]
[PlyCount "38"]
[EventDate "1994.??.??"]

{5/(13)} 1. e4 e5 2. Nc3 Bb4 3. Bc4 Bxc3 4. dxc3 Nc6 5. Nf3 Nf6 6. Qe2 d6 7.
Bg5 Na5 8. Bb5+ c6 9. Ba4 Bg4 10. O-O Bxf3 11. gxf3 h6 12. Be3 b5 13. Bxb5 cxb5
14. Qxb5+ Nd7 15. Qxa5 Qxa5 16. b4 Qd8 17. Rad1 Qe7 18. Rd2 O-O 19. Rfd1 Rfc8 {
[Remainder illegible; 1/2-1/2, 45?]} 1/2-1/2